[Event "SR 4. liga A21 2011/2012"]
[Site "?"]
[Date "2011.10.09"]
[Round "1.5"]
[White "Krchnak, Rudolf"]
[Black "Jarabek, Milan"]
[Result "1-0"]
[WhiteElo "1878"]
[BlackElo "1552"]
[PlyCount "157"]
[EventDate "2011.??.??"]

1. d4 Nf6 2. Nc3 d5 3. Bg5 e6 4. e4 dxe4 5. Nxe4 Be7 6. Bxf6 Bxf6 7. Nf3 O-O 8.
c3 b6 9. Bd3 Bb7 10. Qe2 Nd7 11. O-O-O Qe7 12. h4 c5 13. Nxf6+ Nxf6 14. dxc5
Qxc5 15. Rhg1 Nd5 16. Qe4 g6 17. Qd4 Qxd4 18. Nxd4 Nf4 19. Bf1 Rfd8 20. g3 Nd5
21. Bh3 Nf6 22. Rge1 a6 23. Rd2 Rd6 24. Rde2 Bd5 25. a3 Rad8 26. Kc2 Nd7 27. f4
Nc5 28. Bg2 Bxg2 29. Rxg2 Nd7 30. Rge2 Nb8 31. Re3 Nc6 32. Nxc6 Rxc6 33. Rd3
Rxd3 34. Kxd3 Kg7 35. Re4 Kf6 36. g4 h5 37. gxh5 gxh5 38. Re5 Kg6 39. Rg5+ Kh6
40. Rg8 Rc5 41. Rh8+ Kg7 42. Ra8 a5 43. b4 axb4 44. axb4 Rd5+ 45. Ke3 b5 46.
Rc8 Kf6 47. Ke4 Ke7 48. Rc7+ Kf6 49. Rc5 Rxc5 50. bxc5 Ke7 51. f5 Kd7 52. Kf4
Kc6 53. fxe6 fxe6 54. Kg5 Kxc5 55. Kxh5 Kc4 56. Kg4 Kxc3 57. h5 b4 58. h6 b3
59. h7 b2 60. h8=Q+ Kc2 61. Qc8+ Kd2 62. Qb7 Kc2 63. Qc6+ Kd2 64. Qb5 Kc2 65.
Qc4+ Kd2 66. Qb3 Kc1 67. Qc3+ Kb1 68. Kf3 Ka2 69. Qa5+ Kb3 70. Qb5+ Kc2 71.
Qc4+ Kd2 72. Qb3 Kc1 73. Qc3+ Kb1 74. Ke2 Ka2 75. Qc2 Ka1 76. Qa4+ Kb1 77. Kd2
e5 78. Kc3 Kc1 79. Qc2# 1-0

[Event "SR 4. liga A21 2011/2012"]
[Site "?"]
[Date "2011.10.09"]
[Round "1.5"]
[White "Lajda, Dusan"]
[Black "Berger, Patrik"]
[Result "1/2-1/2"]
[WhiteElo "1841"]
[BlackElo "1731"]
[PlyCount "82"]
[EventDate "2011.??.??"]

1. e4 c5 2. Nf3 d6 3. d4 cxd4 4. Nxd4 Nf6 5. Nc3 a6 6. Be3 e5 7. Nb3 Be6 8. f3
Be7 9. Be2 d5 10. exd5 Nxd5 11. Nxd5 Bxd5 12. O-O O-O 13. c3 Nc6 14. Rc1 Na5
15. Nxa5 Qxa5 16. a3 Rad8 17. Qc2 Bc5 18. Bxc5 Qxc5+ 19. Kh1 Rd6 20. c4 Bc6 21.
Rcd1 Rfd8 22. Rxd6 Rxd6 23. Rd1 Rd4 24. b4 Qd6 25. c5 Qd5 26. Rxd4 Qxd4 27. Qd1
Qxd1+ 28. Bxd1 Kf8 29. Kg1 g5 30. Kf2 Ke7 31. Bc2 h6 32. g3 Ke6 33. Ke3 f6 34.
Bb3+ Kf5 35. Bf7 e4 36. fxe4+ Ke5 37. Bg6 Bd7 38. Bf7 Bc6 39. Bg6 Bd7 40. Bh7
Be6 41. Bg6 Bd7 1/2-1/2

[Event "SR 4. liga A21 2011/2012"]
[Site "?"]
[Date "2011.10.09"]
[Round "1.6"]
[White "Celustkova, Lubica"]
[Black "Beran, Jan st"]
[Result "1-0"]
[WhiteElo "1430"]
[BlackElo "1712"]
[PlyCount "51"]
[EventDate "2011.??.??"]

1. e4 e5 2. Nf3 d6 3. d4 exd4 4. Nxd4 Be7 5. Bc4 Nf6 6. Nc3 O-O 7. O-O a6 8.
Re1 Bd7 9. Nd5 Nxd5 10. Bxd5 c6 11. Bc4 c5 12. Ne2 Bc6 13. Nf4 b5 14. Bd5 Bxd5
15. Nxd5 Nc6 16. Be3 Ne5 17. c3 Nc4 18. b3 Nxe3 19. Rxe3 Re8 20. Qg4 Kh8 21.
Rae1 Bf8 22. Rh3 Re6 23. Qf5 g6 24. Qxf7 Bg7 25. Ree3 Qe8 26. Rxh7+ 1-0

[Event "SR 4. liga A21 2011/2012"]
[Site "?"]
[Date "2011.10.09"]
[Round "1.6"]
[White "Diviak, Rudolf"]
[Black "Lanik, Miroslav"]
[Result "1/2-1/2"]
[WhiteElo "1865"]
[BlackElo "1936"]
[PlyCount "68"]
[EventDate "2011.??.??"]

1. e4 c5 2. Nf3 d6 3. d4 cxd4 4. Nxd4 Nf6 5. Nc3 a6 6. Bc4 e6 7. Bb3 Be7 8. Be3
Qc7 9. Qe2 Nc6 10. g4 Nxd4 11. Bxd4 e5 12. Be3 Bxg4 13. f3 Be6 14. O-O-O b5 15.
Kb1 Bc4 16. Qf2 Bxb3 17. cxb3 b4 18. Na4 Nd7 19. Rc1 Qb7 20. Rhd1 O-O 21. Nb6
Nxb6 22. Bxb6 Rac8 23. Be3 Rxc1+ 24. Bxc1 f5 25. Qe2 fxe4 26. fxe4 Qc6 27. Qc4+
Qxc4 28. bxc4 Rf2 29. Rd2 Rf1 30. Kc2 Bg5 31. Rd1 Rf2+ 32. Kb1 Be7 33. Rd2 Rf1
34. Kc2 Bg5 1/2-1/2

[Event "SR 4. liga A21 2011/2012"]
[Site "?"]
[Date "2011.10.09"]
[Round "1.6"]
[White "Gasa, Patrik"]
[Black "Beran, Jan ml"]
[Result "1-0"]
[WhiteElo "1727"]
[BlackElo "1881"]
[PlyCount "60"]
[EventDate "2011.??.??"]

1. e4 c5 2. Nc3 Nc6 3. f4 a6 4. a4 d6 5. Bc4 Nf6 6. d3 Bd7 7. Nf3 Na5 8. Ba2 b5
9. O-O b4 10. Nd5 e6 11. Nxf6+ Qxf6 12. e5 Qd8 13. f5 dxe5 14. Nxe5 Bxa4 15.
Nxf7 Qd4+ 16. Kh1 Bd6 17. Nxd6+ Qxd6 18. fxe6 b3 19. cxb3 Bb5 20. Qf3 O-O-O 21.
Bf4 Qc6 22. Qg4 h5 23. Qh3 Rxd3 24. Be3 g5 25. e7+ g4 26. Rf8+ Kb7 27. Qg3 Qe6
28. Qb8+ Kc6 29. e8=Q+ Qxe8 30. Qxe8+ Kb6 1-0

[Event "SR 4. liga A21 2011/2012"]
[Site "?"]
[Date "2011.10.09"]
[Round "1.6"]
[White "Palka, Martin"]
[Black "Nemeckay, Rastislav"]
[Result "1/2-1/2"]
[WhiteElo "1876"]
[BlackElo "1808"]
[PlyCount "72"]
[EventDate "2011.??.??"]

1. e4 e5 2. Nf3 Nc6 3. Bb5 a6 4. Ba4 Nf6 5. O-O b5 6. Bb3 Be7 7. Re1 d6 8. c3
O-O 9. h3 Na5 10. Bc2 c5 11. d4 Qc7 12. Nbd2 Bd7 13. Nf1 cxd4 14. cxd4 Rac8 15.
Bb1 Rfd8 16. Ng3 Be8 17. d5 Bd7 18. Bd3 Nc4 19. Nh2 Re8 20. Ng4 Qd8 21. b3 Nb6
22. Bd2 Nxg4 23. hxg4 Bg5 24. Ba5 Rb8 25. Nf5 Bxf5 26. gxf5 Qe7 27. Bd2 Rec8
28. g3 Nd7 29. Rc1 Nc5 30. Bb1 b4 31. f4 Bf6 32. Kg2 exf4 33. gxf4 a5 34. Qf3
Nd7 35. Rh1 Bb2 36. Rcg1 Bd4 1/2-1/2

[Event "SR 4. liga A21 2011/2012"]
[Site "?"]
[Date "2011.10.09"]
[Round "1.6"]
[White "Tokos, Rastislav"]
[Black "Pagerka, Slavomir"]
[Result "0-1"]
[WhiteElo "1883"]
[BlackElo "1734"]
[PlyCount "70"]
[EventDate "2011.??.??"]

1. e4 e5 2. Nf3 Nc6 3. d4 exd4 4. Nxd4 Qh4 5. Qd3 Ne5 6. Qe2 Nf6 7. Nd2 d6 8.
g3 Qh5 9. Qxh5 Nxh5 10. Bg2 Bd7 11. f4 Nc6 12. N2f3 g6 13. Nxc6 bxc6 14. Be3 c5
15. e5 Bc6 16. O-O Ng7 17. Rfe1 Be7 18. exd6 cxd6 19. Rad1 O-O-O 20. Re2 Ne6
21. Red2 h5 22. Ne1 Bxg2 23. Nxg2 Rhe8 24. Bf2 Kc7 25. Ne3 Kc6 26. Nd5 Bf8 27.
Nf6 Re7 28. Ne4 d5 29. Nf6 d4 30. c3 Bg7 31. cxd4 Nxd4 32. Bxd4 Rxd4 33. Rxd4
cxd4 34. Ng8 Re8 35. Rc1+ Kd7 0-1

[Event "SR 4. liga A21 2011/2012"]
[Site "?"]
[Date "2011.10.23"]
[Round "2.1"]
[White "Palka, Martin"]
[Black "Kupkovic, Miroslav"]
[Result "1/2-1/2"]
[WhiteElo "1876"]
[BlackElo "1836"]
[PlyCount "48"]
[EventDate "2011.??.??"]

1. e4 e6 2. d4 d5 3. Nd2 c5 4. exd5 Qxd5 5. dxc5 Bxc5 6. Ngf3 Nf6 7. Bc4 Qh5 8.
O-O O-O 9. Qe2 Nc6 10. c3 a6 11. Ne4 Nxe4 12. Qxe4 Bd7 13. Rd1 Rfd8 14. Bg5 f6
15. Bxe6+ Bxe6 16. Qxe6+ Kh8 17. Bf4 Bb6 18. Qb3 Qa5 19. Qf7 Qa4 20. Rxd8+ Rxd8
21. Re1 h6 22. Nh4 Rd1 23. Ng6+ Kh7 24. Nf8+ Kh8 1/2-1/2

[Event "SR 4. liga A21 2011/2012"]
[Site "?"]
[Date "2011.10.23"]
[Round "2.1"]
[White "Pripko, Bystrik"]
[Black "Beran, Jan ml"]
[Result "1-0"]
[WhiteElo "1655"]
[BlackElo "1881"]
[PlyCount "131"]
[EventDate "2011.??.??"]

1. e4 c5 2. Nc3 Nc6 3. Nf3 d6 4. h3 e5 5. Bc4 h6 6. a3 Nf6 7. d3 Be7 8. O-O O-O
9. Nd5 Nxd5 10. Bxd5 Be6 11. Ba2 Qd7 12. Nh2 b5 13. f4 a5 14. f5 Bxa2 15. Rxa2
b4 16. a4 d5 17. exd5 Qxd5 18. b3 Rad8 19. Qg4 Qd4+ 20. Kh1 Qxg4 21. Nxg4 f6
22. Nf2 Nd4 23. Ne4 Ne2 24. Be3 Rc8 25. Rf2 Nd4 26. Nd2 Kh7 27. Bxd4 cxd4 28.
Nc4 Rc5 29. Ra1 g6 30. Re1 gxf5 31. Rxf5 Kg6 32. g4 Rh8 33. Rh5 Bd8 34. Re2 Be7
35. Kg2 Rhc8 36. Rf5 R8c6 37. h4 Bd8 38. h5+ Kf7 39. Rexe5 Be7 40. Rxc5 Rxc5
41. Rxc5 Bxc5 42. Nxa5 Ke6 43. Nc4 f5 44. Kf3 Kf6 45. Kf4 fxg4 46. Kxg4 Ke6 47.
Nd2 Bb6 48. Kf4 Kd5 49. Kf5 Bc7 50. Ne4 Bd8 51. Nf6+ Kd6 52. Kg6 Ke5 53. Ng4+
Kf4 54. Nxh6 Ke3 55. Ng4+ Kd2 56. h6 Kxc2 57. h7 Kxb3 58. h8=Q Ba5 59. Qxd4
Kxa4 60. Qc4 Ka3 61. Qc1+ Ka2 62. Qc2+ Ka3 63. Ne3 b3 64. Nc4+ Ka4 65. Qb2 Bb4
66. Nb6+ 1-0

[Event "SR 4. liga A21 2011/2012"]
[Site "?"]
[Date "2011.10.23"]
[Round "2.1"]
[White "Prvy, Alojz"]
[Black "Dest, Stanislav"]
[Result "0-1"]
[WhiteElo "1512"]
[BlackElo "1000"]
[PlyCount "89"]
[EventDate "2011.??.??"]

1. Nf3 d6 2. d4 Nf6 3. h3 Bd7 4. Nc3 e6 5. Bg5 Be7 6. e3 Nc6 7. Bb5 a6 8. Ba4
b5 9. Bb3 Na5 10. a3 Nxb3 11. cxb3 Bc6 12. Bxf6 Bxf6 13. O-O O-O 14. Rc1 Bb7
15. b4 Rc8 16. e4 g6 17. e5 Bg7 18. exd6 cxd6 19. Na2 Qf6 20. Rxc8 Rxc8 21. Nc3
Bxf3 22. Qxf3 Qxf3 23. gxf3 Bxd4 24. Rc1 Kg7 25. Kf1 d5 26. Ke2 Bf6 27. Rc2 d4
28. Kd3 dxc3 29. bxc3 h5 30. f4 Be7 31. c4 bxc4+ 32. Rxc4 Rxc4 33. Kxc4 Kf6 34.
a4 Kf5 35. b5 axb5+ 36. Kxb5 Bh4 37. f3 Kxf4 38. a5 Bf2 39. Kc6 Kxf3 40. Kd6
Kg3 41. Ke7 e5 42. Kxf7 g5 43. Kf6 e4 44. a6 Ba7 45. Kxg5 0-1

[Event "SR 4. liga A21 2011/2012"]
[Site "?"]
[Date "2011.10.23"]
[Round "2.1"]
[White "Slaby, Jozef"]
[Black "Lanik, Miroslav"]
[Result "1/2-1/2"]
[WhiteElo "1856"]
[BlackElo "1936"]
[PlyCount "38"]
[EventDate "2011.??.??"]

1. d4 d5 2. c4 e5 3. dxe5 d4 4. Nf3 Nc6 5. a3 Nge7 6. Bg5 Bg4 7. Nbd2 Qd7 8. h3
Bf5 9. g4 Be6 10. Bg2 Ng6 11. Qb3 h6 12. Bh4 Nf4 13. Bf1 Bc5 14. Bg3 Ng6 15.
Rd1 O-O-O 16. Qc2 a5 17. Ne4 Qe7 18. Bg2 h5 19. g5 Bf5 1/2-1/2

[Event "SR 4. liga A21 2011/2012"]
[Site "?"]
[Date "2011.10.23"]
[Round "2.1"]
[White "Tokos, Rastislav"]
[Black "Piestansky, Jan"]
[Result "1-0"]
[WhiteElo "1883"]
[BlackElo "1593"]
[PlyCount "89"]
[EventDate "2011.??.??"]

1. e4 e5 2. Nf3 d6 3. d4 exd4 4. Nxd4 h6 5. Be3 Nf6 6. Nd2 Be7 7. Bd3 Bd7 8. h3
Nc6 9. f4 Nb4 10. N2f3 Nxd3+ 11. Qxd3 c5 12. Ne2 Bc6 13. Nc3 Qb6 14. O-O-O
O-O-O 15. Qc4 Rhf8 16. Rhe1 a6 17. Bf2 Qc7 18. Rd2 b5 19. Qd3 Rd7 20. Rde2 Kb7
21. Kb1 Rfd8 22. Nd5 Bxd5 23. exd5 Ng8 24. Bh4 g6 25. g4 Bxh4 26. Nxh4 Re7 27.
c4 Rxe2 28. Rxe2 b4 29. Qb3 Qb6 30. Qa4 Qc7 31. Nf3 Rd7 32. a3 Re7 33. Rxe7
Qxe7 34. Qc6+ Ka7 35. Nd2 Qe1+ 36. Kc2 bxa3 37. bxa3 Qe7 38. Kd3 Nf6 39. g5
hxg5 40. fxg5 Nh5 41. a4 Nf4+ 42. Kc2 Nxh3 43. a5 Qd8 44. Ne4 Nxg5 45. Nxd6 1-0

[Event "SR 4. liga A21 2011/2012"]
[Site "?"]
[Date "2011.10.23"]
[Round "2.2"]
[White "Brisudova, Veronika"]
[Black "Diviak, Rudolf"]
[Result "1/2-1/2"]
[WhiteElo "1864"]
[BlackElo "1865"]
[PlyCount "28"]
[EventDate "2011.??.??"]

1. e4 d6 2. d4 g6 3. Nf3 Bg7 4. Bc4 Nf6 5. Nc3 c6 6. O-O b5 7. Bd3 O-O 8. h3
Nbd7 9. Be3 b4 10. Ne2 e5 11. dxe5 dxe5 12. Qd2 c5 13. Ng3 Qc7 14. Qe2 Bb7
1/2-1/2

[Event "SR 4. liga A21 2011/2012"]
[Site "?"]
[Date "2011.10.23"]
[Round "2.2"]
[White "Celustkova, Lubica"]
[Black "Jarabek, Milan"]
[Result "1-0"]
[WhiteElo "1430"]
[BlackElo "1552"]
[PlyCount "107"]
[EventDate "2011.??.??"]

1. e4 c5 2. Nf3 d6 3. d4 cxd4 4. Nxd4 Nf6 5. Nc3 a6 6. Be2 e6 7. O-O Be7 8. Be3
O-O 9. Qd2 Qc7 10. f3 Nbd7 11. Bf4 Nb6 12. Bg3 Nc4 13. Bxc4 Qxc4 14. Rfe1 b5
15. Qd3 Qxd3 16. cxd3 Bb7 17. Rac1 d5 18. Nce2 Rac8 19. Rxc8 Rxc8 20. Rc1 Rxc1+
21. Nxc1 Bc5 22. Ncb3 Bb6 23. Kf1 Nd7 24. Ne2 Nc5 25. Nxc5 Bxc5 26. Bf2 Bxf2
27. Kxf2 dxe4 28. dxe4 Kf8 29. Ke3 Ke7 30. g3 Kd6 31. Nf4 Bc6 32. b4 g6 33. Nd3
f5 34. Nc5 a5 35. a3 axb4 36. axb4 Be8 37. f4 Bc6 38. Kd4 h6 39. exf5 exf5 40.
Nd3 g5 41. Ne5 Bd5 42. fxg5 hxg5 43. h4 gxh4 44. gxh4 f4 45. h5 f3 46. Nxf3 Bg8
47. Ng5 Kc6 48. h6 Kd6 49. h7 Bxh7 50. Nxh7 Kc6 51. Nf6 Kd6 52. Ne4+ Kc6 53.
Nc3 Kb6 54. Kd5 1-0

[Event "SR 4. liga A21 2011/2012"]
[Site "?"]
[Date "2011.10.23"]
[Round "2.2"]
[White "Drabek, Martin"]
[Black "Holoska, Simon"]
[Result "1-0"]
[WhiteElo "1480"]
[BlackElo "1000"]
[PlyCount "45"]
[EventDate "2011.??.??"]

1. e4 d5 2. Nc3 dxe4 3. Nxe4 e5 4. Bc4 Nf6 5. Qf3 Be7 6. d3 O-O 7. Qg3 Nxe4 8.
dxe4 Re8 9. Nf3 Nc6 10. Ng5 Bxg5 11. Bxg5 Qd4 12. Bd5 Qxb2 13. O-O Qxc2 14. Bf6
g6 15. Rac1 Qa4 16. Rc4 Qa6 17. Bxc6 bxc6 18. Qc3 Qb5 19. Rxc6 Rb8 20. h3 Rb6
21. Rc5 Qb4 22. Qxb4 Rxb4 23. Re1 {cas} 1-0

[Event "SR 4. liga A21 2011/2012"]
[Site "?"]
[Date "2011.10.23"]
[Round "2.2"]
[White "Harasta, Juraj"]
[Black "Gasa, Patrik"]
[Result "0-1"]
[WhiteElo "1719"]
[BlackElo "1727"]
[PlyCount "90"]
[EventDate "2011.??.??"]

1. e4 c5 2. Nf3 Nc6 3. d4 cxd4 4. Nxd4 e5 5. Nf3 Nf6 6. Bg5 Bc5 7. Nbd2 Qb6 8.
Nc4 Bxf2+ 9. Ke2 Nd4+ 10. Kxf2 Nxe4+ 11. Ke1 Nxf3+ 12. Qxf3 Nxg5 13. Qf5 Qf6
14. Qxe5+ Qxe5+ 15. Nxe5 f6 16. Nc4 d5 17. Nd6+ Ke7 18. Nxc8+ Raxc8 19. Bd3 Kd6
20. Rd1 Rhe8+ 21. Kf2 Ne4+ 22. Kf3 g6 23. Rhe1 Nc5 24. Bb5 Rxe1 25. Rxe1 a6 26.
Bf1 Na4 27. b3 Nc3 28. a4 b5 29. axb5 axb5 30. b4 Na2 31. Bxb5 Nxb4 32. c4 dxc4
33. Rd1+ Nd5 34. Ba6 Rc7 35. Ke4 f5+ 36. Kd4 c3 37. Rc1 Nb4 38. Bc4 c2 39. Bb3
g5 40. Ba4 h6 41. Bb3 h5 42. h3 Nc6+ 43. Ke3 Nb4 44. Kd2 Ke5 45. Bxc2 Rxc2+ 0-1

[Event "SR 4. liga A21 2011/2012"]
[Site "?"]
[Date "2011.10.23"]
[Round "2.2"]
[White "Nemeckay, Rastislav"]
[Black "Berger, Patrik"]
[Result "0-1"]
[WhiteElo "1808"]
[BlackElo "1731"]
[PlyCount "88"]
[EventDate "2011.??.??"]

1. e4 c5 2. b3 Nf6 3. e5 Nd5 4. c4 Nc7 5. Bb2 Nc6 6. Nf3 e6 7. Nc3 Be7 8. Ne4
O-O 9. Be2 d5 10. exd6 Bxd6 11. Nxd6 Qxd6 12. d4 cxd4 13. Nxd4 Qb4+ 14. Qd2
Nxd4 15. Bxd4 Qxd2+ 16. Kxd2 Rd8 17. Kc3 Bd7 18. Bf3 Bc6 19. Bxc6 bxc6 20. Rhd1
f6 21. Bc5 a6 22. Bb6 Rxd1 23. Rxd1 Ne8 24. Rd7 h5 25. Kb4 f5 26. Bd4 a5+ 27.
Kc5 Ra6 28. Be5 Kf8 29. Rb7 Nf6 30. Bxf6 gxf6 31. Rc7 f4 32. Rxc6 Rxc6+ 33.
Kxc6 Ke7 34. a3 f5 35. b4 axb4 36. axb4 e5 37. Kd5 e4 38. Kd4 Kd6 39. b5 h4 40.
c5+ Kc7 41. g3 e3 42. Kd3 exf2 43. Ke2 fxg3 44. hxg3 hxg3 0-1

[Event "SR 4. liga A21 2011/2012"]
[Site "?"]
[Date "2011.10.23"]
[Round "2.3"]
[White "Bjel, Tomas"]
[Black "Sedlak, Rastislav"]
[Result "1-0"]
[WhiteElo "1674"]
[BlackElo "1610"]
[PlyCount "77"]
[EventDate "2011.??.??"]

1. e4 e5 2. Nf3 Nc6 3. Bc4 Nf6 4. d3 h6 5. c3 Bc5 6. b4 Bb6 7. b5 Na5 8. Nxe5
Nxc4 9. Nxc4 O-O 10. O-O c6 11. e5 Nd5 12. Nd6 Bc7 13. Ba3 Bxd6 14. Bxd6 Re8
15. c4 Ne7 16. Qg4 Ng6 17. Qg3 Qa5 18. a4 cxb5 19. cxb5 a6 20. Ra3 Qb6 21. Nc3
Qd4 22. Re1 Qf4 23. Nd5 Qxg3 24. hxg3 Rd8 25. Nc7 Rb8 26. b6 Nf8 27. f4 f6 28.
Be7 Ne6 29. Nxe6 dxe6 30. Bxd8 Bd7 31. Bc7 Re8 32. d4 Bc6 33. Rc1 Bd5 34. Rac3
fxe5 35. dxe5 g5 36. Bd6 Kf7 37. Rc8 Bc6 38. R1xc6 bxc6 39. b7 1-0

[Event "SR 4. liga A21 2011/2012"]
[Site "?"]
[Date "2011.10.23"]
[Round "2.3"]
[White "Nemsak, Denis"]
[Black "Lajda, Dusan"]
[Result "1-0"]
[WhiteElo "1916"]
[BlackElo "1841"]
[PlyCount "37"]
[EventDate "2011.??.??"]

1. c4 e6 2. e4 g6 3. Nc3 Bg7 4. d4 Ne7 5. Bg5 O-O 6. Nf3 d6 7. Be2 b6 8. O-O
Bb7 9. Qd2 f6 10. Bh4 Nd7 11. Rac1 e5 12. Rfd1 Bc8 13. dxe5 g5 14. exd6 cxd6
15. Bg3 Bb7 16. Bxd6 Re8 17. Nb5 Nc5 18. Bxc5 bxc5 19. Nd6 1-0

[Event "SR 4. liga A21 2011/2012"]
[Site "?"]
[Date "2011.10.23"]
[Round "2.3"]
[White "Ochotnicky, Eduard"]
[Black "Bjel, Lubos"]
[Result "1/2-1/2"]
[WhiteElo "1517"]
[BlackElo "1671"]
[PlyCount "48"]
[EventDate "2011.??.??"]

1. e4 e6 2. Nc3 d5 3. d4 Bb4 4. e5 c5 5. Nf3 Nc6 6. Bb5 Qb6 7. O-O Nge7 8. Be3
c4 9. Qd2 Nf5 10. a3 Bxc3 11. Bxc6+ Qxc6 12. Qxc3 b5 13. b4 O-O 14. Bg5 h6 15.
Bh4 Qc7 16. g4 Nxh4 17. Nxh4 Qe7 18. Qg3 Bb7 19. f4 a5 20. c3 axb4 21. axb4
Rxa1 22. Rxa1 Ra8 23. Rxa8+ Bxa8 24. f5 Bc6 1/2-1/2

[Event "SR 4. liga A21 2011/2012"]
[Site "?"]
[Date "2011.10.23"]
[Round "2.3"]
[White "Orvisky, Vladimir"]
[Black "Krchnak, Rudolf"]
[Result "1/2-1/2"]
[WhiteElo "1838"]
[BlackElo "1879"]
[PlyCount "99"]
[EventDate "2011.??.??"]

1. c4 f5 2. d4 Nf6 3. Nc3 g6 4. Nf3 Bg7 5. g3 O-O 6. Bg2 d6 7. O-O Qe8 8. Bf4
Na6 9. Qd2 c6 10. Bh6 Nc7 11. Bxg7 Kxg7 12. Qe3 h6 13. b4 Qf7 14. Nd2 Re8 15.
f4 e5 16. Rac1 e4 17. h3 h5 18. Rfd1 Be6 19. Ncb1 a5 20. a3 axb4 21. axb4 Ra4
22. Qc3 Kh7 23. e3 Rea8 24. Bf1 Qe7 25. Qb2 h4 26. Nc3 R4a7 27. gxh4 Nh5 28.
Ndb1 Qxh4 29. Qf2 Qxf2+ 30. Kxf2 Nf6 31. Rd2 Kg7 32. Rcc2 Ra1 33. Ra2 R1xa2 34.
Rxa2 Rxa2+ 35. Nxa2 b5 36. Nd2 bxc4 37. Bxc4 d5 38. Be2 Nd7 39. Nc1 Kf6 40. h4
Nb8 41. Ndb3 Nba6 42. Na2 Bc8 43. Ke1 Ke7 44. Kd2 Ne8 45. Nc5 Nac7 46. Nc3 Nf6
47. b5 cxb5 48. Nxb5 Nxb5 49. Bxb5 Ng4 50. Be2 1/2-1/2

[Event "SR 4. liga A21 2011/2012"]
[Site "?"]
[Date "2011.10.23"]
[Round "2.3"]
[White "Smrek, Peter"]
[Black "Curidlo, Jan"]
[Result "0-1"]
[WhiteElo "1892"]
[BlackElo "1851"]
[PlyCount "94"]
[EventDate "2011.??.??"]

1. e4 c5 2. f4 e6 3. Nf3 Nc6 4. Bb5 Qb6 5. Nc3 a6 6. Bxc6 Qxc6 7. O-O Nf6 8. d3
Be7 9. h3 b5 10. e5 Nd5 11. Ne4 c4 12. Kh2 Bb7 13. Nd4 Qc7 14. g3 O-O 15. c3
Rad8 16. Qe2 f6 17. dxc4 bxc4 18. exf6 Nxf6 19. Nxf6+ Bxf6 20. Be3 Be4 21. Rf2
Rde8 22. Qg4 Bd3 23. Re1 g6 24. h4 Rf7 25. h5 Rg7 26. h6 Rge7 27. Qf3 d5 28.
Kh3 Be4 29. Qd1 Qc8 30. g4 Rf7 31. Rg1 Qd7 32. Nf3 Ref8 33. Qd2 Qc8 34. Bd4
Bxd4 35. Qxd4 Qc7 36. Ng5 e5 37. Qd2 Rxf4 38. Rxf4 Rxf4 39. Nxe4 dxe4 40. Qd5+
Qf7 41. Qxe5 Rf3+ 42. Rg3 Rxg3+ 43. Kxg3 Qf3+ 44. Kh4 Qf2+ 45. Kg5 Qe3+ 46. Qf4
Qc5+ {=} 47. Kh4 g5+ 0-1

[Event "SR 4. liga A21 2011/2012"]
[Site "?"]
[Date "2011.10.23"]
[Round "2.4"]
[White "Danihel, Jozef"]
[Black "Pekar, Pavol"]
[Result "1-0"]
[WhiteElo "1546"]
[BlackElo "1000"]
[PlyCount "59"]
[EventDate "2011.??.??"]

1. d4 e6 2. c4 h6 3. Nc3 Nf6 4. Nf3 Bb4 5. Qc2 b6 6. e4 Bb7 7. Bd3 d6 8. Bd2
Nbd7 9. O-O Qe7 10. Rfe1 O-O-O 11. a3 Bxc3 12. Bxc3 c5 13. d5 e5 14. b4 g5 15.
a4 g4 16. Nh4 Nh5 17. Nf5 Qf8 18. a5 Nf4 19. axb6 axb6 20. Ra7 Kc7 21. bxc5
Nxc5 22. Be2 h5 23. Bb4 Ra8 24. Rxa8 Qxa8 25. Bxc5 bxc5 26. g3 Qa5 27. Rb1 Nh3+
28. Kg2 Rb8 29. Qc1 Ng5 30. Qxg5 1-0

[Event "SR 4. liga A21 2011/2012"]
[Site "?"]
[Date "2011.10.23"]
[Round "2.4"]
[White "Hornacek, Vendelin"]
[Black "Bartos, Bohumil"]
[Result "1-0"]
[WhiteElo "1599"]
[BlackElo "1557"]
[PlyCount "55"]
[EventDate "2011.??.??"]

1. e4 e5 2. Nf3 Nc6 3. Bc4 Bc5 4. Nc3 Nf6 5. O-O O-O 6. d3 d6 7. Bg5 h6 8. Bh4
Bg4 9. Nd5 g5 10. Bg3 Nxd5 11. Bxd5 Qf6 12. Bxc6 bxc6 13. c3 Rab8 14. b4 Bb6
15. h4 Kg7 16. a4 a6 17. a5 Ba7 18. Rc1 Rh8 19. d4 exd4 20. e5 Qg6 21. cxd4
gxh4 22. Bxh4 dxe5 23. dxe5 Bh3 24. Ne1 Rxb4 25. Bf6+ Kh7 26. Bxh8 Kxh8 27. Qf3
Bc8 28. Rxc6 1-0

[Event "SR 4. liga A21 2011/2012"]
[Site "?"]
[Date "2011.10.23"]
[Round "2.4"]
[White "Hudacek, Josef"]
[Black "Vogl, Zdenek"]
[Result "1-0"]
[WhiteElo "2046"]
[BlackElo "1928"]
[PlyCount "39"]
[EventDate "2011.??.??"]

1. e4 e5 2. Nf3 Nc6 3. Bb5 a6 4. Ba4 Nf6 5. O-O b5 6. Bb3 Be7 7. Re1 O-O 8. d4
exd4 9. e5 Ng4 10. h3 Nh6 11. Bxh6 gxh6 12. Bd5 Rb8 13. Nxd4 Nxd4 14. Qxd4 d6
15. e6 fxe6 16. Bxe6+ Bxe6 17. Rxe6 Bf6 18. Qg4+ Kh8 19. Nc3 Qd7 20. Rxf6 1-0

[Event "SR 4. liga A21 2011/2012"]
[Site "?"]
[Date "2011.10.23"]
[Round "2.4"]
[White "Kubik, Peter"]
[Black "Planka, Peter"]
[Result "1/2-1/2"]
[WhiteElo "1668"]
[BlackElo "1831"]
[PlyCount "51"]
[EventDate "2011.??.??"]

1. e4 e5 2. Nf3 Nc6 3. Bb5 a6 4. Ba4 Nf6 5. O-O Be7 6. Re1 b5 7. Bb3 d6 8. c3
O-O 9. h3 Na5 10. Bc2 c5 11. d4 Qc7 12. Nbd2 Bd7 13. Nf1 Rfc8 14. d5 b4 15. Ne3
Nb7 16. c4 h6 17. Nf1 Qd8 18. Ng3 Nh7 19. Nh5 Nf6 20. Nh2 Nxh5 21. Qxh5 Bg5 22.
Ng4 Bxc1 23. Raxc1 Qg5 24. Qxg5 hxg5 25. Nh2 f6 26. Re3 1/2-1/2

[Event "SR 4. liga A21 2011/2012"]
[Site "?"]
[Date "2011.10.23"]
[Round "2.4"]
[White "Vach, Jozef"]
[Black "Baumgartner, Milan"]
[Result "1-0"]
[WhiteElo "1861"]
[BlackElo "1592"]
[PlyCount "75"]
[EventDate "2011.??.??"]

1. e4 e5 2. Nf3 Nc6 3. Bb5 a6 4. Ba4 b5 5. Bb3 Bb7 6. c3 h6 7. O-O Nf6 8. Re1
Bc5 9. Nxe5 Nxe5 10. d4 Bxd4 11. cxd4 Ng6 12. e5 Nh7 13. Nc3 O-O 14. Qg4 Kh8
15. Bxf7 Rxf7 16. Qxg6 Qf8 17. f4 Re8 18. Bd2 Re6 19. Qg4 Rf5 20. Rf1 Qf7 21.
Qe2 Rg6 22. Rf2 Nf8 23. Kf1 Ne6 24. g4 Nxf4 25. gxf5 Nxe2 26. fxg6 Qxg6 27.
Nxe2 Qc2 28. Bc3 b4 29. Rc1 Qa4 30. b3 Qxa2 31. Bxb4 Qxb3 32. Be1 Qh3+ 33. Kg1
Qg4+ 34. Ng3 Qxd4 35. Rxc7 Bc6 36. e6 Qd6 37. Rxc6 dxc6 38. Re2 1-0

[Event "SR 4. liga A21 2011/2012"]
[Site "?"]
[Date "2011.10.23"]
[Round "2.5"]
[White "Jablonicky, Boris"]
[Black "Bajcar, Pavol"]
[Result "1/2-1/2"]
[WhiteElo "1720"]
[BlackElo "1627"]
[PlyCount "41"]
[EventDate "2011.??.??"]

1. c4 b6 2. Nc3 Bb7 3. Nf3 e6 4. e3 Nf6 5. d4 d5 6. a3 c5 7. cxd5 Nxd5 8. Bd2
Be7 9. Be2 Nd7 10. O-O O-O 11. Nxd5 Bxd5 12. Bc3 Bf6 13. b4 cxd4 14. Bxd4 Bxd4
15. Qxd4 Qf6 16. Rfd1 Qxd4 17. Rxd4 Nf6 18. Bc4 Bxf3 19. gxf3 Rfd8 20. Rad1
Rxd4 21. Rxd4 1/2-1/2

[Event "SR 4. liga A21 2011/2012"]
[Site "?"]
[Date "2011.10.23"]
[Round "2.5"]
[White "Lezovic, Martin"]
[Black "Holan, Jaroslav"]
[Result "1/2-1/2"]
[WhiteElo "1380"]
[BlackElo "1463"]
[PlyCount "75"]
[EventDate "2011.??.??"]

1. e4 e6 2. d4 d5 3. e5 c5 4. Nf3 a6 5. Be3 Nc6 6. dxc5 f6 7. exf6 Nxf6 8. Bd4
Ne4 9. Be2 Nxc5 10. Bxc5 Bxc5 11. c3 Qb6 12. O-O Qxb2 13. Nbd2 Qxc3 14. Rc1 Qa5
15. Nb3 Qxa2 16. Nxc5 O-O 17. Rc2 Qa5 18. Qd2 Qc7 19. Bd3 e5 20. Ng5 e4 21.
Nce6 Bxe6 22. Nxe6 Qf7 23. Nxf8 exd3 24. Qxd3 Rxf8 25. Rd2 Rd8 26. Qb3 d4 27.
Qxf7+ Kxf7 28. Rb1 Rd7 29. Kf1 Ke6 30. Rc1 Kd5 31. f3 Re7 32. Kf2 b5 33. Rdc2
Nb4 34. Rd2 d3 35. f4 Kd4 36. Kf3 Re3+ 37. Kf2 g6 38. Rc7 1/2-1/2